000 01094nam a2200241Ia 4500
003 OSt
005 20200722170636.0
008 191128s1992 ck ad fr 100 0 spa d
020 _a9589040217
040 _aCO-JMCR
_cCO-JMCR
041 0 _aspa
082 0 4 _a338.986 /
_bS612a
_223
111 2 _aSimposio sobre Mercado de Capitales
_n(13o. :
_d1992 :
_cMedellín)
_97631
245 1 0 _aApertura :
_bdos años después /
_cXIII Simposio sobre mercado de capitales ; editora Astrid Martínez Ortiz
250 _aPrimera edición
260 _aMedellín :
_bAsociación Bancaria y de Entidades Financieras de Colombia,
_c1992
300 _a606 páginas :
_bgráficos a blanco y negro ;
_c24 cm.
505 0 _aPerspectiva internacional de la apertura en Colombia -- La política macroeconómica en Colombia -- La apertura y la liberación financiera en Colombia, mesa redonda -- El comportamiento del sector bancario y la determinación
650 1 4 _aApertura económica
_92295
650 1 4 _aPolítica económica
_97632
700 1 _aMartínez Ortiz, Astrid,
_eeditora
_92635
942 _2ddc
_cBK
999 _c5596
_d5596